Mongolia : Technical Assistance Report- Report on the National Accounts Mission.

This Technical Assistance Report evaluates the National Accounts Mission in Mongolia. Mongolia's national accounts statistics were found to be broadly adequate for IMF surveillance according to the most recent IMF Staff Report. The National Statistics Office is commended for having compiled the...

Deskribapen osoa

Xehetasun bibliografikoak
Erakunde egilea: International Monetary Fund. Statistics Dept
Formatua: Aldizkaria
Hizkuntza:English
Argitaratua: Washington, D.C. : International Monetary Fund, 2017.
Saila:IMF Staff Country Reports; Country Report ; No. 2017/052
Gaiak:
Sarrera elektronikoa:Full text available on IMF
LEADER 01887cas a2200253 a 4500
001 AALejournalIMF017449
008 230101c9999 xx r poo 0 0eng d
020 |c 5.00 USD 
020 |z 9781475579093 
022 |a 1934-7685 
040 |a BD-DhAAL  |c BD-DhAAL 
110 2 |a International Monetary Fund.  |b Statistics Dept. 
245 1 0 |a Mongolia :   |b Technical Assistance Report- Report on the National Accounts Mission. 
264 1 |a Washington, D.C. :  |b International Monetary Fund,  |c 2017. 
300 |a 1 online resource (27 pages) 
490 1 |a IMF Staff Country Reports 
500 |a <strong>Off-Campus Access:</strong> No User ID or Password Required 
500 |a <strong>On-Campus Access:</strong> No User ID or Password Required 
506 |a Electronic access restricted to authorized BRAC University faculty, staff and students 
520 3 |a This Technical Assistance Report evaluates the National Accounts Mission in Mongolia. Mongolia's national accounts statistics were found to be broadly adequate for IMF surveillance according to the most recent IMF Staff Report. The National Statistics Office is commended for having compiled the existing GDP data and for continuing to implement the current international standard. However, several areas for further improvement in national accounts statistics should be incorporated into the work program. These include the need to secure the National Statistics Office's new institutional structure and enhance its staff's skills mix, improve coordination among stakeholders, and upgrade the survey forms currently in use in order to compile enhanced estimates of GDP. 
538 |a Mode of access: Internet 
651 7 |a Mongolia  |2 imf 
830 0 |a IMF Staff Country Reports; Country Report ;  |v No. 2017/052 
856 4 0 |z Full text available on IMF  |u http://elibrary.imf.org/view/journals/002/2017/052/002.2017.issue-052-en.xml  |z IMF e-Library